Романовы : (Record no. 533723)
[ view plain ]
| 000 -LEADER | |
|---|---|
| fixed length control field | 01296nam a2200289 a 4500 |
| 001 - CONTROL NUMBER | |
| control field | 2011282 |
| 003 - CONTROL NUMBER IDENTIFIER | |
| control field | AM-YeHGA |
| 005 - DATE AND TIME OF LATEST TRANSACTION | |
| control field | 20250617165036.0 |
| 008 - FIXED-LENGTH DATA ELEMENTS--GENERAL INFORMATION | |
| fixed length control field | 250320s1924 ru ||||| |||| 00| 0 rus d |
| 040 ## - CATALOGING SOURCE | |
| Original cataloging agency | AM-YeHGA |
| 041 0# - LANGUAGE CODE | |
| Language code of text/sound track or separate title | rus |
| 090 ## - LOCALLY ASSIGNED LC-TYPE CALL NUMBER (OCLC); LOCAL CALL NUMBER (RLIN) | |
| -- | 573149 |
| 100 1# - MAIN ENTRY--PERSONAL NAME | |
| Personal name | Василевский, Илья Маркович |
| 245 10 - TITLE STATEMENT | |
| Title | Романовы : |
| Remainder of title | Быт. Нравы. Портреты. Характеристики / |
| Statement of responsibility, etc. | И.М.Василевский (Не-Буква) |
| 260 ## - PUBLICATION, DISTRIBUTION, ETC. | |
| Place of publication, distribution, etc. | Ленинград : |
| Name of publisher, distributor, etc. | Б. и., |
| Date of publication, distribution, etc. | 1924. |
| 300 ## - PHYSICAL DESCRIPTION | |
| Extent | (В одном переплете 2 книги) ; том |
| 501 ## - WITH NOTE | |
| With note | Прилагается Николай II / И.М.Василевский (Не-Буква) ; Петроград - Москва : Изд-во Петроград, 1923 |
| 505 10 - FORMATTED CONTENTS NOTE | |
| Miscellaneous information | Т. 2 (1924, 408 с.) ; |
| Title | Екатерина II. Александр I. Николай I. Александр II. Александр III |
| 600 14 - SUBJECT ADDED ENTRY--PERSONAL NAME | |
| Personal name | Екатерина II, |
| Dates associated with a name | (1729-1796) |
| 600 14 - SUBJECT ADDED ENTRY--PERSONAL NAME | |
| Personal name | Александр I, |
| Dates associated with a name | (1777-1825) |
| 600 14 - SUBJECT ADDED ENTRY--PERSONAL NAME | |
| Personal name | Николай I, |
| Dates associated with a name | (1796-1855) |
| 600 14 - SUBJECT ADDED ENTRY--PERSONAL NAME | |
| Personal name | Александр II, |
| Dates associated with a name | (1818-1881) |
| 600 14 - SUBJECT ADDED ENTRY--PERSONAL NAME | |
| Personal name | Александр III, |
| Dates associated with a name | (1845-1894) |
| 650 14 - SUBJECT ADDED ENTRY--TOPICAL TERM | |
| Topical term or geographic name entry element | История, |
| Form subdivision | 18 в. |
| Geographic subdivision | Россия |
| 740 02 - ADDED ENTRY--UNCONTROLLED RELATED/ANALYTICAL TITLE | |
| Uncontrolled related/analytical title | Николай II |
| 942 ## - ADDED ENTRY ELEMENTS (KOHA) | |
| Source of classification or shelving scheme | Universal Decimal Classification |
| Koha item type | Գրքեր / Books |
| Withdrawn status | Lost status | Source of classification or shelving scheme | Damaged status | Not for loan | Collection | Home library | Current library | Date acquired | Serial enumeration / chronology | Total checkouts | Full call number | Barcode | Date last seen | Price effective from | Koha item type | Public note |
|---|---|---|---|---|---|---|---|---|---|---|---|---|---|---|---|---|
| Universal Decimal Classification | Kusikian Individual Collection | Fundamental Scientific Library | Fundamental Scientific Library | 20/03/2025 | Алиг 1 | Кус/1731 | FL0686272 | 20/03/2025 | 20/03/2025 | Գրքեր / Books | ILL Non-Circ. |
ՀՀ Գիտությունների ազգային ակադեմիայի հիմնարար գիտական գրադարան = Fundamental Scientific Library of NAS RA
All site content, except where otherwise noted, is licensed under a